| 000 | 00750cam a2200277 4500 | ||
|---|---|---|---|
| 008 | 000000n2000 000 0 eng u | ||
| 020 | _a1842630105 | ||
| 035 | _a(Sirsi) u109416 | ||
| 050 | _a696.9 | ||
| 100 | _aPragnell, Mark | ||
| 110 |
_aJoseph Rowntree Foundation _92318 |
||
| 245 | 4 | _aThe market potential for smart homes. | |
| 260 |
_aYork _bYork Publishing Services _c2000 |
||
| 300 | _avii, 31p. ; 28cm. | ||
| 350 | _a10.95 | ||
| 650 | _aINTELLIGENT BUILDINGS | ||
| 650 | _aSMART HOMES | ||
| 650 | _aTECHNOLOGY | ||
| 650 | _aSHELTERED HOUSING | ||
| 650 | _aMARKETING | ||
| 650 | _aHOME AUTOMATION | ||
| 690 | _aBUILT ENVIRONMENT-CONSTRUCTION DESIGN | ||
| 700 | _aSpence, Lorna | ||
| 700 | _aMoore, Roger | ||
| 942 | _n0 | ||
| 999 |
_c100939 _d100939 |
||